| 000 | 00487nam a22001937a 4500 | ||
|---|---|---|---|
| 003 | NUST - PNEC | ||
| 005 | 20170116180752.0 | ||
| 008 | 150312b xxu||||| |||| 00| 0 eng d | ||
| 020 | _a0600439084 | ||
| 040 | _cLIBRARY | ||
| 082 | _a330 LIP | ||
| 100 |
_91762 _aLipsey Richard G. |
||
| 245 |
_aEconomics _cRichard G. Lipsey |
||
| 250 | _a9th ed | ||
| 260 |
_aNew York _bHarper & Row, Publishers _cc1990. |
||
| 300 | _a992 p. : | ||
| 650 |
_91766 _aEconomics _xEE |
||
| 942 |
_2ddc _cBK |
||
| 999 |
_c62590 _d62590 |
||